خونی اندھیرا / (Record no. 106768)

MARC details
000 -LEADER
fixed length control field 00770nam a22002537a 4500
005 - DATE AND TIME OF LATEST TRANSACTION
control field 20170123162317.0
010 ## - LIBRARY OF CONGRESS CONTROL NUMBER
LC control number B-100264
020 ## - INTERNATIONAL STANDARD BOOK NUMBER
Terms of availability 100.00
035 ## - SYSTEM CONTROL NUMBER
System control number B-100264
037 ## - SOURCE OF ACQUISITION
Source of stock number/acquisition Cen Lib/Ret
040 ## - CATALOGING SOURCE
Original cataloging agency DPL
Language of cataloging UR
082 ## - DEWEY DECIMAL CLASSIFICATION NUMBER
Classification number ن
Item number ا ب ن
100 ## - MAIN ENTRY--PERSONAL NAME
Personal name ابن صفی
9 (RLIN) 656
245 ## - TITLE STATEMENT
Title خونی اندھیرا /
Statement of responsibility, etc ابن صفی
246 ## - VARYING FORM OF TITLE
Title proper/short title Khooni andhiyara /
Remainder of title by Abne Safi
260 ## - PUBLICATION, DISTRIBUTION, ETC. (IMPRINT)
Place of publication, distribution, etc دہلی
Name of publisher, distributor, etc کتاب والا
Date of publication, distribution, etc 2004
270 ## - ADDRESS
City دہلی
Postal code 110006
Address ٢٧٩٤، گلی جھوٹ والی پہاڑی بھوجلہ
300 ## - PHYSICAL DESCRIPTION
Extent 157p.
Dimensions 21cm(Hb)
650 ## - SUBJECT ADDED ENTRY--TOPICAL TERM
Topical term or geographic name as entry element اردو ادب
Form subdivision
9 (RLIN) 114841
650 ## - SUBJECT ADDED ENTRY--TOPICAL TERM
Topical term or geographic name as entry element اردو ناول
9 (RLIN) 547
650 ## - SUBJECT ADDED ENTRY--TOPICAL TERM
Topical term or geographic name as entry element Urdu literature
9 (RLIN) 114842
650 ## - SUBJECT ADDED ENTRY--TOPICAL TERM
Topical term or geographic name as entry element Urdu novel
9 (RLIN) 114843
942 ## - ADDED ENTRY ELEMENTS (KOHA)
Source of classification or shelving scheme Dewey Decimal Classification
Koha item type Urdu Bks
Classification part ن
Call number suffix ا ب ن
Holdings
Withdrawn status Lost status Damaged status Not for loan Home library Current library Date acquired Source of acquisition Cost, normal purchase price Total Checkouts Full call number Barcode Date last seen Date checked out Copy number Cost, replacement price Price effective from Koha item type
        Central Library Central Library 29/12/2015 Cen Lib/Ret 100.00 2 ن ا ب ن B-100264 14/10/2017 03/10/2017 1 100.00 29/12/2015 Urdu Bks

© Delhi Public Library
Hit Counter
free hit counter